000 01034nam a2200313 a 4500
001 000004279
003 DO-SdBNP
005 20240925174419.0
008 090721s2000 dr r 001 e spa d
020 _a9993431060
040 _aDO-SdBNP
_bspa
_cBNPHU
082 4 _aRD864.44
_bM671a
_222
100 1 _aMir, Pedro,
_d1913-2000
_97245
245 1 0 _aAyer menos cuarto y otras crónicas (1945-1980) /
_cPedro Mir ; compilación y entrevista Francisco Rodríguez de León.
260 _aSanto Domingo :
_bBNPHU,
_c2000.
300 _a816 p. ;
_c23 cm.
490 1 _aBiblioteca Nacional
_v5
490 1 _aPeriodismo
_v1
590 _aInventariado, 2018/BT
600 1 0 _aMir, Pedro,
_d1913-2000
_97245
650 0 _aEnsayos dominicanos
_965
650 0 _aLiteratura dominicana.
_967
700 1 _aRodríguez de León, Francisco
_ecomp.
_92528
830 0 _aBiblioteca Nacional
_n5
_912640
830 0 _aPeriodismo
_n1
_912641
830 0 _aPeriodismo
_n1
_912641
910 _aValidado. Control de calidad. MMOLINA
942 _2ddc
_cLBS1
999 _c4090
_d4090